000 00955nas a2200301 4500
001 BR2012005024
003 BR-BrBNA
005 20231205120826.0
007 ta
008 230509b bl.|||p| |||| 00| 00por d
040 _aBR-BrBNA
_bpor
_cBiblioteca Nacional de Agricultura
041 _a(Pt)
072 _aL74
100 1 _aPereira, W.L.A.
100 1 _aBranco, E.
100 1 _aAbud, S.M.
100 1 _aCossolosso, D.S.
100 1 _aPereira, J.D.B.
245 1 _aOvário policístico gigante mimetizando tumor em cadela
246 1 _aA case of giant a polycystic ovary mimicking a tumor in dogs
650 _aCÃO
650 _aFÊMEA
650 _aTUMOR
650 _aOVÁRIO
773 0 _tRevista de Ciências Agrárias Amazonian Journal of Agricultural and Environmental Sciences (Brazil)
_xISSN 1517-591X
_g(Jul-Dec 2010), v. 53(2) p. 212-215
_wBR2012005024
909 _a202311
_bLúcia
_c55
_dLúcia Elande
942 _2AGRIS
_n0
_cANA
999 _c220514
_d220514